header

Plantwide control (Record no. 240416)

MARC details
000 -LEADER
fixed length control field 01434nam a2200337 a 4500
082 04 - DEWEY DECIMAL CLASSIFICATION NUMBER
Classification number 660/.2815
245 00 - TITLE STATEMENT
Title Plantwide control
260 ## - PUBLICATION, DISTRIBUTION, ETC. (IMPRINT)
Place of publication Hoboken, N.J. :
Name of publisher Wiley,
Year of publication 2012.
300 ## - PHYSICAL DESCRIPTION
Number of Pages xviii, 478 p. :
Other physical details ill.
505 0# - FORMATTED CONTENTS NOTE
Formatted contents note pt. 1. Overview and perspectives -- pt. 2. Tools and heuristics -- pt. 3. Methodologies -- pt. 4. Application studies -- pt. 5. Emerging topics.
650 #0 - SUBJECT ADDED ENTRY--TOPICAL TERM
Topical Term Chemical process control.
Topical Term Chemical plants
700 1# - ADDED ENTRY--PERSONAL NAME
Personal name Rangaiah, Gade Pandu.
Personal name Kariwala, Vinay.
856 40 - ELECTRONIC LOCATION AND ACCESS
Uniform Resource Identifier http://site.ebrary.com/lib/rucke/Doc?id=10526606

No items available.

© 2026 Rongo University
Contact us: librarian | system librarian | Rongo university